000 00334nam a2200133Ia 4500
008 240624s9999 xx 000 0 und d
041 _aeng
082 _a519.55 BRA
100 _aBRANDT PATRICK T
245 _aMULTIPLE TIME SERIES MODELS
260 _c2007
_aLondon
_bSage Publications
300 _a99 : p. : cm. ; 25
365 _c
_b32
999 _c6303
_d6303